[Event "USV Halle-Senioren Dresden"]
[Site "?"]
[Date "2008.02.12"]
[Round "2.2"]
[White "Frenzel, L."]
[Black "Swoboda, P."]
[Result "1/2-1/2"]
[WhiteElo "1809"]
[BlackElo "1915"]
[PlyCount "44"]
[EventDate "2008.??.??"]

1. Nf3 d5 2. d4 Nf6 3. e3 Bg4 4. Be2 e6 5. h3 Bh5 6. O-O Bd6 7. c4 c6 8. Nc3
Nbd7 9. Qc2 Bg6 10. Bd3 Bxd3 11. Qxd3 O-O 12. e4 dxe4 13. Nxe4 Nxe4 14. Qxe4
Nf6 15. Qc2 h6 16. Be3 Qc7 17. Rac1 Rfd8 18. Rfd1 Rd7 19. Qe2 Rad8 20. a3 Bf4
21. b4 a6 22. Rc3 Bxe3 1/2-1/2

[Event "USV Halle-Senioren Dresden"]
[Site "?"]
[Date "2008.02.12"]
[Round "2.3"]
[White "Liebscher, H."]
[Black "Gäbler, H."]
[Result "1-0"]
[WhiteElo "2044"]
[BlackElo "1658"]
[PlyCount "49"]
[EventDate "2008.??.??"]

1. e4 c5 2. Nf3 e6 3. d4 cxd4 4. Nxd4 a6 5. Nc3 Qc7 6. Be3 d6 7. f3 Bd7 8. Qd2
Nf6 9. g4 Nc6 10. g5 Nh5 11. O-O-O g6 12. Be2 Ng7 13. f4 Nxd4 14. Bxd4 Bc6 15.
Bg4 O-O-O 16. Qf2 Qd7 17. Bf6 Re8 18. Qa7 Qc7 19. Rd3 Qb8 20. Qd4 Rg8 21. Rhd1
Kc7 22. Rh3 Nf5 23. exf5 exf5 24. Bf3 Bxf3 25. Rxf3 1-0

[Event "USV Halle-Senioren Dresden"]
[Site "?"]
[Date "2008.02.12"]
[Round "2.4"]
[White "Höppner, K."]
[Black "Reinemann, G."]
[Result "0-1"]
[WhiteElo "1388"]
[BlackElo "2002"]
[PlyCount "78"]
[EventDate "2008.??.??"]

1. d4 e6 2. Bf4 f5 3. Nf3 Nf6 4. h3 d6 5. e3 Be7 6. Bc4 O-O 7. a3 a5 8. O-O Bd7
9. c3 b5 10. Bd3 Qe8 11. c4 bxc4 12. Bxc4 d5 13. Ba2 c5 14. b3 Na6 15. Qd2 Ne4
16. Qc2 cxd4 17. Nxd4 Bf6 18. Bh2 Rc8 19. Qe2 Bxd4 20. exd4 Bb5 21. Qe1 f4 22.
f3 Ng3 23. Rf2 Qg6 24. Bxg3 fxg3 25. Nc3 gxf2+ 26. Kxf2 Qc2+ 27. Ne2 Qb2 28. a4
Bxe2 29. Kg3 Nb4 30. Qb1 Qxd4 31. Qe1 Nd3 32. Qd2 Qf2+ 33. Kh2 Rxf3 34. Qg5 Rf6
35. Rg1 Qf4+ 36. Qxf4 Rxf4 37. Bb1 Rf1 38. Bxd3 Bxd3 39. g3 Rxg1 0-1

[Event "Finnland 2-SK Heidenau"]
[Site "?"]
[Date "2008.02.12"]
[Round "2.1"]
[White "Perman, T."]
[Black "Hauswald, G."]
[Result "1-0"]
[WhiteElo "2092"]
[BlackElo "1820"]
[PlyCount "78"]
[EventDate "2008.??.??"]

1. c4 Nf6 2. g3 g6 3. Bg2 Bg7 4. Nc3 c6 5. e4 d6 6. d4 O-O 7. Nf3 Na6 8. O-O
Nc7 9. Re1 Ne6 10. h3 Rb8 11. d5 cxd5 12. exd5 Nc5 13. Nd4 Re8 14. Be3 a6 15.
b4 Ncd7 16. Qb3 Ne5 17. f4 Ned7 18. Kh2 Nb6 19. Rad1 Bd7 20. c5 Na8 21. Rc1 Nc7
22. Bf2 Na8 23. Re2 Qc7 24. c6 bxc6 25. Nxc6 Bxc6 26. dxc6 e6 27. a4 d5 28.
Rec2 Qxc6 29. Nxd5 Qd6 30. Bc5 Qd8 31. Nxf6+ Qxf6 32. Qd3 Red8 33. Qxa6 Bf8 34.
Bxf8 Kxf8 35. Rc8 Nb6 36. Rxb8 Rxb8 37. Qa7 Qd8 38. Rc7 Nxa4 39. Rxf7+ Kg8 1-0

[Event "Finnland 2-SK Heidenau"]
[Site "?"]
[Date "2008.02.12"]
[Round "2.2"]
[White "Lauterbach, E."]
[Black "Aaltio, E."]
[Result "0-1"]
[WhiteElo "1735"]
[BlackElo "2111"]
[PlyCount "44"]
[EventDate "2008.??.??"]

1. d4 Nf6 2. c4 e6 3. Nc3 Bb4 4. Qc2 c5 5. e3 O-O 6. Bd3 d6 7. Bd2 Nbd7 8. Nge2
Re8 9. Ne4 Bxd2+ 10. Nxd2 cxd4 11. exd4 e5 12. d5 Nc5 13. f3 Qb6 14. O-O-O
Nxd3+ 15. Qxd3 Nd7 16. Nb3 a5 17. a4 Qb4 18. Kc2 Nb6 19. Qc3 Nxc4 20. Qxb4 axb4
21. Ra1 Bf5+ 22. Kc1 Rec8 0-1

[Event "Finnland 2-SK Heidenau"]
[Site "?"]
[Date "2008.02.12"]
[Round "2.3"]
[White "Lehtosaari, K."]
[Black "Siegel, P."]
[Result "1-0"]
[WhiteElo "2042"]
[BlackElo "1355"]
[PlyCount "53"]
[EventDate "2008.??.??"]

1. c4 e6 2. Nc3 Nf6 3. e4 Nc6 4. d4 Bb4 5. f3 d6 6. Be3 b6 7. Bd3 Bxc3+ 8. bxc3
Bb7 9. Ne2 O-O 10. O-O h6 11. Qd2 Nh7 12. Ng3 Ne7 13. Rae1 Bc8 14. Nh5 e5 15.
Bxh6 g6 16. Bxf8 Qxf8 17. Ng3 f5 18. exf5 Nxf5 19. dxe5 Nxg3 20. hxg3 Bf5 21.
Bxf5 gxf5 22. Qd5+ Kg7 23. exd6 cxd6 24. Re6 Rd8 25. Rfe1 Rd7 26. Qd2 Kf7 27.
Qf4 1-0

[Event "Finnland 2-SK Heidenau"]
[Site "?"]
[Date "2008.02.12"]
[Round "2.4"]
[White "Weiß, H."]
[Black "Saharinen, P."]
[Result "0-1"]
[WhiteElo "1360"]
[BlackElo "1825"]
[PlyCount "49"]
[EventDate "2008.??.??"]

1. f4 d5 2. Nf3 g6 3. e3 Bg7 4. Be2 c5 5. d4 e6 6. O-O b6 7. c3 Ba6 8. Nbd2
Bxe2 9. Qxe2 Ne7 10. Qf2 Nbc6 11. Ne5 O-O 12. Qe2 Nxe5 13. fxe5 Nf5 14. Nb3 c4
15. Nd2 Bh6 16. Nf3 Kh8 17. e4 dxe4 18. Qxe4 Bxc1 19. Raxc1 Qd7 20. Nh4 Rg8 21.
Rf2 Rad8 22. a3 Qe7 23. Nxf5 gxf5 24. Rf4 fxe4 25. Rxe4 0-1